000 00649nam a2200229Ia 4500
003 GCL
008 140319s9999 xx 000 0 ara d
040 _aGCL /
_cGCL
082 0 4 _a632
_bف ا
100 1 _aفليشر، ج.
245 1 0 _aامراض نباتات البيوت المحمية /
_cفليشر، ج.
700 1 _aسليمان محمد الخرب (تعريب)
700 1 _aيوسف الطرابلس
260 _a[S.N] :
_bدار المريخ للنشر
300 _a476
490 _a
650 0 4 _aالامراض
650 0 4 _aالنباتات
650 0 4 _aالهرمونات
650 0 4 _aالنمو
942 _2ddc
_cBK
999 _c31504
_d31504